<?xml version="1.0" encoding="UTF-8"?>
<collection xmlns="http://www.loc.gov/MARC21/slim">
<record>
  <controlfield tag="001">106610</controlfield>
  <controlfield tag="005">20250829134151.0</controlfield>
  <datafield tag="024" ind1="7" ind2=" ">
    <subfield code="2">doi</subfield>
    <subfield code="a">10.1080/10242694.2020.1799168</subfield>
  </datafield>
  <datafield tag="024" ind1="8" ind2=" ">
    <subfield code="2">sideral</subfield>
    <subfield code="a">119960</subfield>
  </datafield>
  <datafield tag="037" ind1=" " ind2=" ">
    <subfield code="a">ART-2022-119960</subfield>
  </datafield>
  <datafield tag="041" ind1=" " ind2=" ">
    <subfield code="a">eng</subfield>
  </datafield>
  <datafield tag="100" ind1=" " ind2=" ">
    <subfield code="a">Callado-Muñoz, F.J.</subfield>
    <subfield code="0">(orcid)0000-0003-1399-5484</subfield>
  </datafield>
  <datafield tag="245" ind1=" " ind2=" ">
    <subfield code="a">Characterisation of Technological Collaborations and Evolution in the Spanish Defence Industry</subfield>
  </datafield>
  <datafield tag="260" ind1=" " ind2=" ">
    <subfield code="c">2022</subfield>
  </datafield>
  <datafield tag="506" ind1="0" ind2=" ">
    <subfield code="a">Access copy available to the general public</subfield>
    <subfield code="f">Unrestricted</subfield>
  </datafield>
  <datafield tag="520" ind1="3" ind2=" ">
    <subfield code="a">Collaboration with technological partners as an innovation strategy has become widespread in recent years, and all sectors are immersed in this process. In particular, the defence industry is characterised by the technological complexity of the products and services offered, together with a constant innovation process. However, data that allow us to identify characteristics that are found in collaboration contracts are not usually available in this sector. This paper addresses this gap in the literature by studying the different characteristics of both the technological partners and the development agreements for the 1999-2017 period. This is possible thanks to a database of more than 300 collaboration technology agreements between public and private organisations and the Spanish Ministry of Defence. The results provide the Ministry of Defence with a clear picture of the type of collaborations in the Defence industry, their partners and their behaviour under different economic conditions, which will help it identify the type of collaborations that can contribute to improving the design of its innovation strategy.</subfield>
  </datafield>
  <datafield tag="536" ind1=" " ind2=" ">
    <subfield code="9">info:eu-repo/grantAgreement/ES/AEI-FEDER/ECO2016-77-P</subfield>
    <subfield code="9">info:eu-repo/grantAgreement/ES/DGA-FEDER/Construyendo Europa desde Aragón</subfield>
    <subfield code="9">info:eu-repo/grantAgreement/ES/DGA/S52-17R</subfield>
    <subfield code="9">info:eu-repo/grantAgreement/ES/MINECO/ECO2016-76255-P</subfield>
    <subfield code="9">info:eu-repo/grantAgreement/ES/MINECO/PID2019-106642GB-I00</subfield>
    <subfield code="9">info:eu-repo/grantAgreement/ES/UZ/CUD-UNIZAR 27267</subfield>
    <subfield code="9">info:eu-repo/grantAgreement/ES/UZ/CUD2018-12</subfield>
    <subfield code="9">info:eu-repo/grantAgreement/ES/UZ/UZCUD2018-SOC-04</subfield>
  </datafield>
  <datafield tag="540" ind1=" " ind2=" ">
    <subfield code="9">info:eu-repo/semantics/openAccess</subfield>
    <subfield code="a">by-nc-nd</subfield>
    <subfield code="u">http://creativecommons.org/licenses/by-nc-nd/3.0/es/</subfield>
  </datafield>
  <datafield tag="590" ind1=" " ind2=" ">
    <subfield code="a">1.6</subfield>
    <subfield code="b">2022</subfield>
  </datafield>
  <datafield tag="591" ind1=" " ind2=" ">
    <subfield code="a">ECONOMICS</subfield>
    <subfield code="b">236 / 380 = 0.621</subfield>
    <subfield code="c">2022</subfield>
    <subfield code="d">Q3</subfield>
    <subfield code="e">T2</subfield>
  </datafield>
  <datafield tag="592" ind1=" " ind2=" ">
    <subfield code="a">0.583</subfield>
    <subfield code="b">2022</subfield>
  </datafield>
  <datafield tag="593" ind1=" " ind2=" ">
    <subfield code="a">Social Sciences (miscellaneous)</subfield>
    <subfield code="c">2022</subfield>
    <subfield code="d">Q1</subfield>
  </datafield>
  <datafield tag="593" ind1=" " ind2=" ">
    <subfield code="a">Economics and Econometrics</subfield>
    <subfield code="c">2022</subfield>
    <subfield code="d">Q2</subfield>
  </datafield>
  <datafield tag="594" ind1=" " ind2=" ">
    <subfield code="a">3.7</subfield>
    <subfield code="b">2022</subfield>
  </datafield>
  <datafield tag="655" ind1=" " ind2="4">
    <subfield code="a">info:eu-repo/semantics/article</subfield>
    <subfield code="v">info:eu-repo/semantics/acceptedVersion</subfield>
  </datafield>
  <datafield tag="700" ind1=" " ind2=" ">
    <subfield code="a">Fernández Olmos, M.</subfield>
    <subfield code="u">Universidad de Zaragoza</subfield>
    <subfield code="0">(orcid)0000-0002-5623-2391</subfield>
  </datafield>
  <datafield tag="700" ind1=" " ind2=" ">
    <subfield code="a">Ramírez-Alesón, M.</subfield>
    <subfield code="u">Universidad de Zaragoza</subfield>
    <subfield code="0">(orcid)0000-0002-9758-0149</subfield>
  </datafield>
  <datafield tag="700" ind1=" " ind2=" ">
    <subfield code="a">Utrero-González, N.</subfield>
    <subfield code="0">(orcid)0000-0001-9304-3517</subfield>
  </datafield>
  <datafield tag="710" ind1="2" ind2=" ">
    <subfield code="1">4012</subfield>
    <subfield code="2">650</subfield>
    <subfield code="a">Universidad de Zaragoza</subfield>
    <subfield code="b">Dpto. Direcc.Organiza.Empresas</subfield>
    <subfield code="c">Área Organización de Empresas</subfield>
  </datafield>
  <datafield tag="773" ind1=" " ind2=" ">
    <subfield code="g">33, 2 (2022), 219-238</subfield>
    <subfield code="p">Def. peace econ.</subfield>
    <subfield code="t">Defence and Peace Economics</subfield>
    <subfield code="x">1024-2694</subfield>
  </datafield>
  <datafield tag="856" ind1="4" ind2=" ">
    <subfield code="s">278576</subfield>
    <subfield code="u">http://zaguan.unizar.es/record/106610/files/texto_completo.pdf</subfield>
    <subfield code="y">Postprint</subfield>
  </datafield>
  <datafield tag="856" ind1="4" ind2=" ">
    <subfield code="s">1740523</subfield>
    <subfield code="u">http://zaguan.unizar.es/record/106610/files/texto_completo.jpg?subformat=icon</subfield>
    <subfield code="x">icon</subfield>
    <subfield code="y">Postprint</subfield>
  </datafield>
  <datafield tag="909" ind1="C" ind2="O">
    <subfield code="o">oai:zaguan.unizar.es:106610</subfield>
    <subfield code="p">articulos</subfield>
    <subfield code="p">driver</subfield>
  </datafield>
  <datafield tag="951" ind1=" " ind2=" ">
    <subfield code="a">2025-08-29-13:39:48</subfield>
  </datafield>
  <datafield tag="980" ind1=" " ind2=" ">
    <subfield code="a">ARTICLE</subfield>
  </datafield>
</record>
</collection>